000 00907nam a2200301 i 4500
003 EG-GICUC
005 20260224040927.0
008 260224s1938 nyu||||fr|||| 00| 0 eng d
040 _aEG-GiCUC
_beng
_cEG-GiCUC
_dEG-GiCUC
_erda
041 _aeng
082 0 4 _221
_a341.3
_bAL.S
092 0 4 _221
099 _aLaw1 11 341.3 AL.S 1938
100 1 _a Aldrich , Winthrop W.
_eAuthor.
245 _aSweden and the United States /
_cWinthrop W. Aldrich .
264 _aNew York :
_bThe Chase National Bank ,
_c1938 .
300 _a17 pages ,
_c24 cm
336 _2rda content
_atext
337 _2rda media
_aComputer
338 _2rda carrier
_aOnline Resource
546 _aText in English
650 1 _aInternational relations
650 1 _aPublic international law
651 1 _2qrmak
856 4 0 _uhttps://fll.law.cu.edu.eg/fulltext/bks/B11-06660.pdf
905 _a60
942 _2ddc
_cBK
_e21
_n0
999 _c64092
_d64092